000 00722nam a2200217 i 4500
001 107920
003 ES-MaACL
005 20250829080456.0
007 t|
008 061219s1969 sp ||||1| spa d
080 _a86.09(04)
100 1 _aDíaz-Plaja, Guillermo,
_d1909-1984
_9162428
245 1 0 _aEspaña en su literatura /
_cGuillermo Díaz-Plaja.
260 _aEstella (Navarra) :
_bSalvat,
_c1969.
300 _a182 p., 1 h. ;
_c19 cm.
490 1 _aBiblioteca básica Salvat de Libros RTV ;
_v30
650 4 _aLiteratura española-
_xHistoria y crítica
_914560
830 0 0 _aBiblioteca básica Salvat de libros RTV
_v30
_9185398
852 _aES-MaACL
_jE-2951
_bR.69765
999 _c107920
_d107920